000 01125nam a22002177a 4500
003 KOHA_MİRAKIL
005 20260414071339.0
008 260408b tu ||||| |||| 00| 0 tur d
040 _aTR-AnABB
_btur
_cTR-AnABB
041 _atur
082 _a338.9
_bDIN 1978
100 1 _aDinler, Zeynel
245 1 0 _aBölgesel iktisat /
_cZeynel Dinler
260 _aAnkara :
_b[yayl. y.] ,
_c1978
300 _a375 sayfa ;
_c24 cm
504 _aKaynakça vardır.
505 _aİçindekiler: Ekonomik düşüncede alansal analiz - Faaliyetlerin alanda dağılım nedenleri işletmelerin kuruluş yerini etkileyen etmenler - Ekonomik alan ve bölge kavramı - Ekonomik gelişme sonucu ortaya çıkan bölgesel gelişme farkları - Türkiye'de bölgelerarası sosyal ve ekonomik gelişmişlik farkları - Bölgesel kalkınma politikasının ilke amaç ve araçları - Bölgeler arası gelişmişlik farklarını azaltmaya yönelik araçlar ve Türkiye - Kalkınma kutupları kuramı - Kalkınma kutuplarının yaratılması
650 0 4 _aEkonomik politika
900 _bCan ÇELIK
942 _2ddc
_cBK
999 _c10187
_d10187